Zhodnotenie tendencií vývoja v odvetví pozemnej dopravy v krajinách V4 diplomová práca

Na minha lista:
Detalhes bibliográficos
Autor principal: Tkáčová, Patrícia
Autor Corporativo: Národohospodárska fakulta EU. Katedra hospodárskej politiky
Outros Autores: Morvay, Karol, 1973-
Formato: Livro
Idioma:eslovaco
Publicado em: Bratislava 2018
Tags: Adicionar Tag
Sem tags, seja o primeiro a adicionar uma tag!

MARC

LEADER 00000nbm a2200000 4500
001 0244309
005 20181127085604.8
041 0 |a slo 
044 |a SK 
245 1 0 |a Zhodnotenie tendencií vývoja v odvetví pozemnej dopravy v krajinách V4  |b diplomová práca  |c Patrícia Tkáčová ; školiteľ: Karol Morvay 
264 1 |a Bratislava  |c 2018 
300 |a 78 s. 
100 1 |a Tkáčová, Patrícia 
700 1 |a Morvay, Karol, 1973- 
710 2 |a Národohospodárska fakulta EU. Katedra hospodárskej politiky